| 000 | 01150cam a2200313 i 4500 | ||
|---|---|---|---|
| 999 |
_c200451560 _d69772 |
||
| 003 | TR-AnTOB | ||
| 005 | 20230614154642.0 | ||
| 007 | ta | ||
| 008 | 001010s2000 tu d 100 0 tur d | ||
| 020 | _a9757589446 | ||
| 040 |
_aB9K _beng _erda _cB9K _dOCLCO _dOCLCQ _dOCLCF _dSULEY _dTR-AnTOB |
||
| 041 | 0 | _atur | |
| 050 | 4 |
_aHG930.5 _b.İ45 2000 |
|
| 090 |
_aHG930.5 _b.İ45 2000 |
||
| 245 | 0 | 0 |
_aİlk yılında Euro : _bdüzenlemeler, politikalar, gelişmeler, sorunlar, etkiler ve beklentiler semineri, (18-22 Ekim 1999) / _cyayına hazırlayan: Ali Tarhan. |
| 246 | 1 | 4 | _aEuro el kitabı. |
| 250 | _a1. baskı | ||
| 264 | 1 |
_aAnkara : _bTürkiye Cumhuriyeti Merkez Bankası, _c2000. |
|
| 300 |
_aiii, 383 pages : _btables, graphs ; _c24 cm |
||
| 336 |
_atext _btxt _2rdacontent |
||
| 337 |
_aunmediated _bn _2rdamedia |
||
| 338 |
_avolume _bnc _2rdacarrier |
||
| 650 | 7 |
_aAvrupa para birimi _vCongresses _2etuturkob _97534 |
|
| 650 | 7 |
_aPara politikası _zAvrupa Birliği ülkeleri _vCongresses _942019 _2etuturkob |
|
| 653 | _aEuro--Kongreler | ||
| 700 | 1 |
_aTarhan, Ali _9140309 _eeditor |
|
| 942 |
_2lcc _cBK |
||